La cuestión del Ensanche de Bilbao / (Record no. 17474)

MARC details
000 -LEADER
campo de control de longitud fija 01132nam a2200277 i 4500
001 - NÚMERO DE CONTROL
campo de control 17474
003 - IDENTIFICADOR DE NÚMERO DE CONTROL
campo de control ES-MaACL
005 - FECHA Y HORA DE LA ÚLTIMA TRANSACCIÓN
campo de control 20251012173222.0
007 - CAMPO FIJO DE DESCRIPCIÓN FÍSICA--INFORMACIÓN GENERAL
campo de control de longitud fija t|
008 - DATOS DE LONGITUD FIJA--INFORMACIÓN GENERAL
campo de control de longitud fija 010312s2000 sp ||||1| spa d
020 ## - NÚMERO INTERNACIONAL ESTÁNDAR DEL LIBRO
Número Internacional Estándar del Libro 84-88714-47-5
080 ## - NÚMERO DE LA CLASIFICACIÓN DECIMAL UNIVERSAL
Número de la Clasificación Decimal Universal 711.4.035(460.152 B.)
100 1# - ENTRADA PRINCIPAL--NOMBRE DE PERSONA
Nombre de persona Unamuno, Miguel de,
Fechas asociadas al nombre 1864-1936
9 (RLIN) 111982
245 13 - MENCIÓN DEL TÍTULO
Título La cuestión del Ensanche de Bilbao /
Mención de responsabilidad, etc. Miguel de Unamuno y Jugo, Pablo de Alzola y Minondo ; estudio introductorio y edición de José Ereño Altuna y Ana Isasi Saseta.
260 ## - PUBLICACIÓN, DISTRIBUCIÓN, ETC.
Lugar de publicación, distribución, etc. Bilbao :
Nombre del editor, distribuidor, etc. [Bilboko Udala, Kultura eta Turismo Saila = Ayuntamiento de Bilbao, Área de Cultura y Turismo],
Fecha de publicación, distribución, etc. 2000.
300 ## - DESCRIPCIÓN FÍSICA
Extensión 249 p. ;
Dimensiones 24 cm.
490 1# - MENCIÓN DE SERIE
Mención de serie Monografías Bidebarrieta ;
Designación de volumen o secuencia 5
651 #4 - PUNTO DE ACCESO ADICIONAL DE MATERIA--NOMBRE GEOGRÁFICO
Nombre geográfico Bilbao-
Subdivisión general Planes urbanísticos-
Subdivisión cronológica S.XIX.
9 (RLIN) 7884
700 1# - ENTRADA AGREGADA--NOMBRE PERSONAL
Nombre de persona Alzola y Minondo, Pablo de,
Fechas asociadas al nombre 1841-1912
9 (RLIN) 21064
700 1# - ENTRADA AGREGADA--NOMBRE PERSONAL
Nombre de persona Ereño Altuna, José Antonio.
9 (RLIN) 47381
700 1# - ENTRADA AGREGADA--NOMBRE PERSONAL
Nombre de persona Isasi Saseta, Ana.
9 (RLIN) 65544
710 1# - ENTRADA AGREGADA--NOMBRE DE ENTIDAD CORPORATIVA
Nombre de entidad corporativa o nombre de jurisdicción como elemento de entrada Bilbao.
Unidad subordinada Ayuntamiento.
-- Area de Cultura y Turismo.
9 (RLIN) 2222
830 1# - PUNTO DE ACCESO ADICIONAL DE SERIE-TÍTULO UNIFORME
Título uniforme Monografías Bidebarrieta ;
Designación de volumen o secuencia 5
9 (RLIN) 226429
852 ## - LOCALIZACIÓN
Ubicación ES-MaACL
Número de control de estantería L-24300
Holdings
Estatus retirado Estado de pérdida Estado de daño No para préstamo Biblioteca de origen Biblioteca actual Ubicación en estantería Fecha de adquisición Fuente de adquisición Total de préstamos Signatura topográfica completa Código de barras Visto por última vez Precio de reemplazo Tipo de ítem Koha
        Biblioteca del Ateneo de Madrid Biblioteca del Ateneo de Madrid Depósito 2 17/01/2008     L-24300 1017828 23/02/2023 23/02/2023 Libro impreso